Normal view
MARC view
- Williams, G
Entry Personal Name
001 - CONTROL NUMBER
- control field: 102358
003 - CONTROL NUMBER IDENTIFIER
- control field: NUST
005 - DATE AND TIME OF LATEST TRANSACTION
- control field: 20221103182424.0
008 - FIXED-LENGTH DATA ELEMENTS
- fixed length control field: 221103|| aca||aabn | a|a d
040 ## - CATALOGING SOURCE
- Original cataloging agency: NUST
- Transcribing agency: NUST
100 ## - HEADING--PERSONAL NAME
- Personal name: Williams, G
670 ## - SOURCE DATA FOUND
- Source citation: Work cat.: (NUST)188955: Williams, G., An introduction to electrical circuit theory., [1973]
